Más allá de las relaciones económicas con China /
Guardado en:
| Hovedforfatter: | |
|---|---|
| Format: | Texto |
| Tags: |
Tilføj Tag
Ingen Tags, Vær først til at tagge denne postø!
|
MARC
| LEADER | 00000 a a2200000 04500 | ||
|---|---|---|---|
| 001 | 44729 | ||
| 003 | |||
| 040 | |||
| 100 | |a Macaya, Román | ||
| 245 | |a Más allá de las relaciones económicas con China / |c Román Macaya | ||
| 773 | |g páginas 37-43 | ||
| 999 | |c 23417 |d 23417 | ||
